000
00245nmm a2200085Ia 4500
008
220120s9999||||xx |||||||||||||||||und||
100
_a
CHIP magazine
245
0
_a
January 2011 : Game developers pack, red hot, linux distribu
260
_a
Infomedia18
999
_c
139630
_d
139630